Регионална библиотека "Любен Каравелов" - Русе

Големият лош вълк (Запис номер 373752)

MARC детайли
000 -Лидер
Контролно поле с фиксирана дължина nam a22 a 4500
003 - Код на организацията, давaща контролен номер
Контролно поле BLK
005 - Дата и час на последна редакция
Контролно поле 20200708140804.0
008 - Елементи от данни с фиксирана дължина
fixed length control field 200708b bu ||||| |||| 00| 0 bu d
020 ## - Международен стандартен номер на книга ISBN
Международен стандартен номер на книга ISBN 9541701701
040 ## - Източник на каталожния запис
Идентификатор на билиотеката - собственик на записа BLK
041 ## - Код за език
Код за езика на текст/звукозапис или на отделно заглавие Български
Код за езика КДБФ Български
080 ## - УДК
Текстов определител УДК Американска литература (на САЩ)
УДК код - определител по УДК 821.111(73)
УДК определител -31
УДК - код + определител 821.111(73)-31
100 ## - Редна дума - Автор
R(LIN) 271583
Автор Джоунс, Линда
Авторска отговорност първи автор
139 ## - Редно поле
Редна дума Джоунс, Линда
Авторски знак Джо - Д 52
245 ## - Сведения за заглавието
Заглавие Големият лош вълк
Редно поле (дума) Линда Джоунс ; прев. Таня Найденова
260 ## - Област на издателските данни
Място на издаване, разпространение и проч. Габрово
Година на издаване 1998
300 ## - Физическа характеристика
Страници 288 с.
Размери/Мащаб 20 см
380 ## - Жанр
Жанр Худож. лит.
700 ## - Други автори (авторска отговорност)
9 (RLIN) 364444
Лично име Найденова, Таня
Автороска отговорност (Описва отношението между автора и произведението) прев.
999 ## - СИСТЕМНИ КОНТРОЛНИ НОМЕРА
Koha biblionumber 373752
Koha biblioitemnumber 373752
942 ## - АРТИКУЛИ
Вид на библиотечния материал Книги
Скрит в OPAC Не
Периодичен библиозапис Да
944 ## - СЪЗДАВАНЕ И РЕДАКЦИЯ на ЗАПИСА
Създаване/Редакция Създаване
Дата на регистрацията/редакция 2020-07-08
Служител, извършил регистрацията/редакцията Валя Йорданова
Наличности
Код за отписване Код за изгубен артикул Източник на класификационната схема Код за повреда Коз за рестрикции Код за отдаване Артикулен № Име на библиотеката - собственик Име на библиотеката, в която се намира в момента Статус (Текущо местоположение) Дата на вписване в системата Местоположение - отдел Цена в лева Инвентарен номер Систематично азбучна сигнатура Баркод Цена в евро Служебен тип на артикула
  Не е изгубен Universal Decimal Classification Не е повреден без рестрикции ползва се в читалня 783371 Регионална библиотека "Любен Каравелов" Русе Регионална библиотека "Любен Каравелов" Русе Хранилище 2020-07-10 Хранилище 3.50 642473 Цб 197566 120000642473 1.79 Книги
Vip Innovations Ltd, Rousse, Bulgaria 2025